000 00296 a2200145 4500
001 181475
020 _a
040 _cMagnum
100 _aMinisterio da Educacao e Cultura
240 1 0 _aOs animais
_lpor
245 1 0 _aOs animais
362 0 _a1899
697 _aMAGNITO: GERAL
942 _cBK
999 _c181475
_d181475